Il biglietto che e esploso /

Shranjeno v:
Bibliografske podrobnosti
Glavni avtor: Burroughs, William S. (Author)
Format: Knjiga
Jezik:italijanščina
Izdano: Milano : SugarCo, 1983
Serija:Tasco ; 67
Oznake: Označite
Brez oznak, prvi označite!

MARC

LEADER 00000nam a22000007i 4500
001 IT\ICCU\CFI\0000990
003 ItRI
005 20260115232400.0
008 850823s1983 it |||||| ||||| |||||c
040 |b ita  |c importazione bologna sebina 
041 7 |a ita  |2 ISO-639-2 
082 |a 823.9  |9 NARRATIVA IN LINGUA INGLESE. 1900-  |2 18 
100 1 |a Burroughs, William S.  |0 IT\ICCU\CFIV\000644  |4 aut 
240 1 4 |a The ticket that exploded.  |3 IT\ICCU\CFI\0000992  |9 Burroughs, William S. 
245 1 3 |a Il biglietto che e esploso /  |c William Burroughs. 
260 |a Milano :  |b SugarCo,  |c 1983 
300 |a 213 p. ;  |c 20 cm. 
790 1 |a Burroughs, William  |3 IT\ICCU\CFIV\040710  |z Burroughs, William S. 
790 1 |a Burroughs, William Seward  |3 IT\ICCU\CFIV\166439  |z Burroughs, William S. 
830 0 |a Tasco ;  |v 67  |0 IT\ICCU\CFI\0000467 
942 |2 ddc  |c BK  |n 0 
952 |0 0  |1 0  |4 0  |6 DOC_813_540000000000000_BUR  |7 0  |9 25143  |a BO  |b BO  |d 2026-01-15  |i 652  |l 0  |o DOC 813.54 BUR  |p BO652  |r 2026-01-15 23:24:00  |w 2026-01-15  |x [Sebina 5] [1 v.]  |y BK  |z 1 v. 
999 |c 21367  |d 21367